000 01364nam0a22003131 4500
001 v19\rc\1708834
005 20061002163928.7
035 _a(NLR Aleph) 004809132
090 _a4909746
_c4909746
100 _a20061002e18991899|||y0rusy50 ca
101 0 _arus
102 _aRU
105 _ay z |||||
200 1 _aСлово в день священного коронования благочестивейшего государя императора и супруги его, благочестивейшей государыни императрицы
_f[Ректор Семинарии прот. Дмитрий Лужецкий]
210 _aКалуга
_d[1899]
215 _a6 с.
300 _aАвт. указан в конце текста
309 _aБез тит. л. и обл.
311 _aПерепеч. из "Калуж. епарх. ведом." 1899 г.
488 0 _12001#$aКалужские епархиальные ведомости$v1899
700 1 _aЛужецкий
_bД. Г.
_gДмитрий Георгиевич
702 0 _aНиколай
_cрос. имп.
_dII
_f1868-1918
_4280
702 0 _aАлександра Федоровна
_cимп.
_f1872-1918
_4280
801 0 _aRU
_bNLR
_gpsbo
801 0 _aRU
_bRuMoRGB
_2psbo
801 1 _aRU
_bProSoft-M
_2rusmarc
852 _aNLR
_j18.146.3.663
942 _cBOOK
980 _aNB